000 00974nam a2200277Ia 4500
003 OSt
005 20221005110003.0
006 a|||||r|||| 00| 0
007 ta
008 221004b |||||||| |||| 00| 0 hin d
020 _a9788126042975 (hbk)
_cINR 110.00
024 _a37124
037 _bBW/1664, 14/03/2018, Bookwell
_cTextual
040 _aCRL
_cCRL
_bhin
041 _2hin
_ahin
082 _aO1541,6N25x, 152Q3
100 _aशिवनाथ, ले.
245 0 _aगए दिनों की धूप छॉंव
246 _aGae dinoan kī dhūp chhaॉanva
260 _aनई दिल्ली
_bसाहित्य अकादेमी भारत
_c2013
300 _a174पृ0
_ccm.
650 _a डोगरी साहित्य
650 _aसंस्मरण
942 _hO1541,6N25x, 152Q3
_cTEXL
_2cc
999 _c1017436
_d1017436